000 00667nam a2200265Ia 4500
005 20260121170238.0
008 008 260114s9999 xx 000 0 eng d
020 _a9783319683546
037 _aEBOOK
040 _aCRL
040 _beng
040 _cCRL
041 _2eng
041 _aeng
084 _qCRL
100 _aStaci Defibaugh
_91061549
245 0 _aNurse Practitioners and the Performance of Professional Competency
260 _bSpringer
260 _bSpringer
260 _c2018
856 _uhttps://link.springer.com/openurl?genre=book&isbn=978-3-319-68354-6
942 _cEBOOK
999 _c1627278
_d1627278